| 000 | 00541nam a22001937a 4500 | ||
|---|---|---|---|
| 003 | OSt | ||
| 005 | 20140310182526.0 | ||
| 008 | 130812t xxu||||| |||| 00| 0 eng d | ||
| 020 | _a9788123915418 | ||
| 050 |
_aRC 30 _b.Sh558 2008 |
||
| 100 |
_aShmaefsky, Brian R. _99507 |
||
| 245 |
_aApplied Anatomy and Physiology / _cBrian R. Shmaefsky |
||
| 260 |
_aUSA: _bEMC Corporation, _cc2008. |
||
| 300 |
_ax, 654 p. : _bill. col. ; _c27 cm. |
||
| 650 |
_aAnatomy. _98595 |
||
| 650 |
_aPhysiology. _98256 |
||
| 942 |
_2lcc _cSSLC |
||
| 999 |
_c14071 _d14071 |
||